Quiz Game of Thrones - Statistiques

Statistiques générales
  • Ce quiz a été pris 507 fois
    506 depuis la dernière actualisation
  • Le résultat moyen est 10 sur 17
Statistiques - réponses
Question : Réponse % Correct
Combien a t'il d'enfant (née) Jaime Lannister et Cersei Lannister ? 3
92%
Quelle main s'est fait couper Jaime Lannister ? droite
91%
Qui offre aiguille à Arya Stark ? Jon snow
88%
Lieu de résidence des Starks ? Winterfell
86%
Qu'elle est son titre à Myrcella Baratheon ? Princesse
70%
Qui est le/la plus jeune de la famille Stark ? Rickon Stark
68%
Qui a dit : "Quand on joue au jeu des Trônes, soit on gagne soit on meurt" ? Cersei Lannister
67%
Qui Interprète Daenerys Targaryen ? Emilia Clarke
65%
Qui est la mère de Jon Snow ? Lyanna Stark
61%
Comment se nomme le loup de Arya Stark ? Nymeria
56%
Comment s'appelle le bras droit de Daenerys Targaryen ? Jorah Mormont
53%
Comment s'appelle la chose utilisée pour détruire le Septuaire de Baelor causée par Cersei Lannister. Feu grégeois
52%
Qui est le père de Jon Snow ? Rhaegar Targaryen
52%
Comment se nomme le trou au Eyrié ? Portes de la Lune
43%
Qui est le cousin éloigné de Ilyn Payne ? Podrick Payne
25%
Comment s'appelle le fiancé de Myrcella Baratheon ? Trystan Martell
25%
Comment s'appelle le frère de Oberyn Martell ? Doran Martell
18%
Aucun quiz correspondant
Distribution des résultats
% des personnes avec chaque résultat
Percentile par nombre de réponses
Votre historique - résultats
Vous n’avez pas pris ce quiz depuis la dernière actualisation